[Event "NOR-chB"]
[Site "Oslo"]
[Date "2023.07.08"]
[Round "9"]
[White "Hellesoy, David"]
[Black "Reigstad, Erlend"]
[Result "1/2-1/2"]
[WhiteElo "1605"]
[BlackElo "1658"]
[PlyCount "33"]
[EventDate "2023.06.30"]
[EventType "swiss"]
[EventRounds "9"]
[EventCountry "NOR"]
[SourceTitle "EXT 2024"]
[Source "ChessBase"]
[SourceDate "2023.10.10"]
[SourceVersion "1"]
[SourceVersionDate "2023.10.10"]
[SourceQuality "1"]

1. e4 e6 2. d4 d5 3. Nd2 c5 4. exd5 exd5 5. Bb5+ Bd7 6. Bxd7+ Nxd7 7. Ngf3 Ngf6 8. 0-0 Be7 9. dxc5 Nxc5 10. Nb3 0-0 11. c3 h6 12. Nfd4 Re8 13. Re1 Qc7 14. Be3 a6 15. Nf5 Nxb3 16. axb3 Bc5 17. Bxc5 1/2-1/2

[Event "NOR-chB"]
[Site "Oslo"]
[Date "2023.07.07"]
[Round "8"]
[White "Teigset, Markus"]
[Black "Hellesoy, David"]
[Result "1-0"]
[WhiteElo "1662"]
[BlackElo "1605"]
[PlyCount "89"]
[EventDate "2023.06.30"]
[EventType "swiss"]
[EventRounds "9"]
[EventCountry "NOR"]
[SourceTitle "EXT 2024"]
[Source "ChessBase"]
[SourceDate "2023.10.10"]
[SourceVersion "1"]
[SourceVersionDate "2023.10.10"]
[SourceQuality "1"]

1. e4 c5 2. Nf3 d6 3. d4 cxd4 4. Nxd4 Nf6 5. Nc3 a6 6. Rg1 e5 7. Nb3 Be6 8. g4 h6 9. h4 d5 10. exd5 Nxd5 11. Nxd5 Bxd5 12. Bg2 Bxg2 13. Qxd8+ Kxd8 14. Rxg2 Be7 15. h5 Nd7 16. Be3 Kc7 17. 0-0-0 Rhd8 18. g5 hxg5 19. Bxg5 Nf6 20. Re1 Kd6 21. f4 e4 22. Nd4 Kd7 23. Nf5 Rh8 24. h6 gxh6 25. Nxh6 Rh7 26. Nf5 Ng8 27. Rd2+ Ke8 28. Bxe7 Nxe7 29. Rxe4 Rh1+ 30. Rd1 Rxd1+ 31. Kxd1 Rd8+ 32. Ke2 Rd7 33. Ke3 Kf8 34. Rxe7 Rxe7+ 35. Nxe7 Kxe7 36. Ke4 Ke6 37. c4 a5 38. b3 b6 39. a3 f6 40. b4 f5+ 41. Kd4 Kd6 42. c5+ bxc5+ 43. bxc5+ Kc6 44. a4 Kd7 45. Kd5 1-0

[Event "Fagernes op-B"]
[Site "Fagernes"]
[Date "2023.04.09"]
[Round "9"]
[White "Bayaraa, Bilguun"]
[Black "Hellesoy, David"]
[Result "0-1"]
[WhiteElo "1112"]
[BlackElo "1627"]
[PlyCount "98"]
[EventDate "2023.04.02"]
[EventType "swiss"]
[EventRounds "9"]
[EventCountry "NOR"]
[SourceTitle "CBM 213 Extra"]
[Source "ChessBase"]
[SourceDate "2023.05.31"]
[SourceVersion "1"]
[SourceVersionDate "2023.05.31"]
[SourceQuality "1"]

1. d4 Nf6 2. c4 e6 3. Nc3 Bb4 4. Qc2 d5 5. Bg5 h6 6. Bh4 g5 7. Bg3 c5 8. dxc5 Ne4 9. Bxb8 Bxc3+ 10. bxc3 Rxb8 11. cxd5 exd5 12. Qa4+ Kf8 13. f3 Nxc3 14. Qd4 Qa5 15. Qxh8+ Ke7 16. Qe5+ Be6 17. Qd6+ Kf6 18. Kf2 Rd8 19. Qg3 Qxc5+ 20. e3 d4 21. Ne2 dxe3+ 22. Kg1 Rd2 23. h4 Nxe2+ 24. Bxe2 Rxe2 25. Kh2 Rxa2 26. Rhc1 Qd4 27. hxg5+ hxg5 28. Rxa2 Bxa2 29. Qh3 Qe5+ 30. Qg3 e2 31. Qxe5+ Kxe5 32. Kg3 Kd4 33. Kf2 Bc4 34. Ra1 a6 35. Ra5 Bb5 36. Ra1 Kc3 37. Ke3 Kb2 38. Re1 a5 39. Kd2 Bc4 40. Rc1 b5 41. Rc2+ Kb3 42. Rc3+ Kb4 43. Re3 a4 44. g3 a3 45. Kc2 a2 46. Kb2 Kc5 47. g4 Kd4 48. Re4+ Kd3 49. Re7 Be6 0-1

[Event "Fagernes op-B"]
[Site "Fagernes"]
[Date "2023.04.07"]
[Round "7"]
[White "Andersen, Dag"]
[Black "Hellesoy, David"]
[Result "1-0"]
[WhiteElo "1776"]
[BlackElo "1627"]
[PlyCount "79"]
[EventDate "2023.04.02"]
[EventType "swiss"]
[EventRounds "9"]
[EventCountry "NOR"]
[SourceTitle "CBM 213 Extra"]
[Source "ChessBase"]
[SourceDate "2023.05.31"]
[SourceVersion "1"]
[SourceVersionDate "2023.05.31"]
[SourceQuality "1"]

1. d4 Nf6 2. Nf3 e6 3. Bg5 h6 4. Bh4 d5 5. Nbd2 Nbd7 6. e3 Be7 7. Bd3 0-0 8. c3 b6 9. 0-0 Bb7 10. Qe2 Rc8 11. a4 c5 12. Rfe1 Ne4 13. Bxe7 Qxe7 14. Bb1 Nxd2 15. Qxd2 Rfd8 16. Qd3 Nf6 17. Ne5 Ne4 18. f3 Nf6 19. Kh1 g6 20. Rg1 Qe8 21. Qe2 Nd7 22. Ng4 Kg7 23. Bd3 e5 24. dxe5 Nxe5 25. Nxe5 Qxe5 26. f4 Qf6 27. Raf1 d4 28. cxd4 cxd4 29. e4 Qe7 30. f5 gxf5 31. Rxf5 Rd6 32. Rgf1 f6 33. Qg4+ Kh8 34. Rh5 Qg7 35. Qf4 Re6 36. Rxh6+ Kg8 37. Rh3 Rc5 38. Rg3 Rg5 39. Bc4 Rxg3 40. Bxe6+ 1-0

[Event "Fagernes op-B"]
[Site "Fagernes"]
[Date "2023.04.06"]
[Round "6"]
[White "Hellesoy, David"]
[Black "Skotheim, Havard"]
[Result "1-0"]
[WhiteElo "1627"]
[BlackElo "1314"]
[PlyCount "27"]
[EventDate "2023.04.02"]
[EventType "swiss"]
[EventRounds "9"]
[EventCountry "NOR"]
[SourceTitle "CBM 213 Extra"]
[Source "ChessBase"]
[SourceDate "2023.05.31"]
[SourceVersion "1"]
[SourceVersionDate "2023.05.31"]
[SourceQuality "1"]

1. e4 e6 2. d4 d5 3. Nd2 Nf6 4. e5 Nfd7 5. f4 c5 6. Ndf3 Nc6 7. c3 Qb6 8. a3 cxd4 9. cxd4 g6 10. b4 Qc7 11. Be3 a6 12. Rc1 Qd8 13. Bd3 b5 14. Rxc6 1-0

[Event "Fagernes op-B"]
[Site "Fagernes"]
[Date "2023.04.05"]
[Round "4"]
[White "Hellesoy, David"]
[Black "Rynning, Rune Kleiven"]
[Result "1/2-1/2"]
[WhiteElo "1627"]
[BlackElo "1681"]
[PlyCount "47"]
[EventDate "2023.04.02"]
[EventType "swiss"]
[EventRounds "9"]
[EventCountry "NOR"]
[SourceTitle "CBM 213 Extra"]
[Source "ChessBase"]
[SourceDate "2023.05.31"]
[SourceVersion "1"]
[SourceVersionDate "2023.05.31"]
[SourceQuality "1"]

1. e4 c5 2. Nf3 g6 3. d4 cxd4 4. Qxd4 Nf6 5. Nc3 Nc6 6. Qa4 d6 7. e5 dxe5 8. Nxe5 Bg7 9. Bb5 0-0 10. Nxc6 bxc6 11. Bxc6 Bd7 12. 0-0 Rc8 13. Bxd7 Qxd7 14. Qxd7 Nxd7 15. Nd5 Rxc2 16. Nxe7+ Kh8 17. Rd1 Nb6 18. Rd2 Rxd2 19. Bxd2 Bxb2 20. Rb1 Bf6 21. Nc6 Ra8 22. Be3 Nd5 23. Bxa7 Nc3 24. Rb8+ 1/2-1/2

[Event "Fagernes op"]
[Site "Fagernes"]
[Date "2020.10.10"]
[Round "8"]
[White "Rynning, Rune Kleiven"]
[Black "Hellesoy, David"]
[Result "1-0"]
[WhiteElo "1678"]
[BlackElo "1393"]
[PlyCount "115"]
[EventDate "2020.10.04"]
[EventType "swiss"]
[EventRounds "9"]
[EventCountry "NOR"]
[SourceTitle "EXT 2024"]
[Source "ChessBase"]
[SourceDate "2023.10.10"]
[SourceVersion "1"]
[SourceVersionDate "2023.10.10"]
[SourceQuality "1"]

1. e4 c6 2. d4 d5 3. Nc3 dxe4 4. Nxe4 Nf6 5. Nxf6+ exf6 6. Nf3 Bd6 7. Bd3 0-0 8. 0-0 Re8 9. Nd2 Qc7 10. Qh5 g6 11. Qh4 f5 12. Nc4 Bf8 13. Bf4 Qd8 14. Bg5 Be7 15. Rfe1 Bxg5 16. Rxe8+ Qxe8 17. Qxg5 Be6 18. Re1 Qf8 19. Ne3 Kh8 20. Qf6+ Kg8 21. c4 Nd7 22. Qg5 f6 23. Qg3 Kh8 24. Qc7 Qb8 25. Qxb8+ Rxb8 26. d5 cxd5 27. Nxd5 Bxd5 28. cxd5 Ne5 29. Bc2 f4 30. Rd1 Kg7 31. Kf1 Rd8 32. Ke2 f3+ 33. gxf3 Nc4 34. Rd4 Rc8 35. b3 Nd6 36. Kd2 f5 37. Rd3 Rc5 38. b4 Rc4 39. a3 Kf6 40. Bb3 Rh4 41. Re3 Rd4+ 42. Kc2 Nb5 43. a4 Nc7 44. Kc3 Rxd5 45. Bxd5 Nxd5+ 46. Kd4 Nxe3 47. fxe3 Ke6 48. Kc5 g5 49. Kd4 h5 50. e4 g4 51. f4 h4 52. Ke3 g3 53. hxg3 hxg3 54. e5 a6 55. Kf3 b5 56. axb5 axb5 57. Kxg3 Kd5 58. Kf3 1-0

[Event "Fagernes op"]
[Site "Fagernes"]
[Date "2020.10.08"]
[Round "6"]
[White "Skotheim, Havard"]
[Black "Hellesoy, David"]
[Result "0-1"]
[WhiteElo "1394"]
[BlackElo "1393"]
[PlyCount "64"]
[EventDate "2020.10.04"]
[EventType "swiss"]
[EventRounds "9"]
[EventCountry "NOR"]
[SourceTitle "EXT 2024"]
[Source "ChessBase"]
[SourceDate "2023.10.10"]
[SourceVersion "1"]
[SourceVersionDate "2023.10.10"]
[SourceQuality "1"]

1. e4 c6 2. d4 d5 3. e5 Bf5 4. Nc3 e6 5. g4 Bg6 6. Nge2 c5 7. Be3 Nc6 8. dxc5 Nxe5 9. Nd4 Nf6 10. h3 Rc8 11. f4 Ne4 12. fxe5 Qh4+ 13. Ke2 Ng3+ 14. Kd2 Nxh1 15. Bb5+ Kd8 16. Qxh1 Bxc5 17. Rf1 Ke7 18. Nf3 Bxe3+ 19. Kxe3 Qh6+ 20. g5 Qh5 21. Rf2 Rhd8 22. Kd2 d4 23. Ne2 Rxc2+ 24. Kd1 Rxb2 25. Nf4 Rb1+ 26. Ke2 Rxh1 27. Nxh5 Bxh5 28. h4 Rh3 29. Bd3 Rxh4 30. Rg2 Bxf3+ 31. Kxf3 Rh3+ 32. Ke4 Re3+ 0-1

[Event "Fagernes op"]
[Site "Fagernes"]
[Date "2020.10.05"]
[Round "2"]
[White "Khoo Thwe, Louis"]
[Black "Hellesoy, David"]
[Result "1-0"]
[WhiteElo "1835"]
[BlackElo "1393"]
[PlyCount "43"]
[EventDate "2020.10.04"]
[EventType "swiss"]
[EventRounds "9"]
[EventCountry "NOR"]
[SourceTitle "EXT 2024"]
[Source "ChessBase"]
[SourceDate "2023.10.10"]
[SourceVersion "1"]
[SourceVersionDate "2023.10.10"]
[SourceQuality "1"]

1. e4 c6 2. d4 d5 3. Nc3 dxe4 4. Nxe4 Nf6 5. Nxf6+ gxf6 6. c3 Qd5 7. Nf3 Bg4 8. Be2 Nd7 9. h3 Bh5 10. Qb3 0-0-0 11. Bf4 Qe4 12. Bg3 e5 13. Rd1 Bh6 14. Qa3 Rhe8 15. Qxa7 Bf4 16. d5 cxd5 17. Qa8+ Nb8 18. Kf1 d4 19. cxd4 exd4 20. Bd3 Qe5 21. Nxe5 Bxd1 22. Bf5+ 1-0